00458nam a2200145 a 450000500170000000800410001705000200005810000240007824500760010226000330017830000100021150000520022165000260027365000130029920140414093840.0070816s19uu xx 00 eng d aDVD 410bGA v.7 aGuidance Associates aCommunication skills: Who's afraid of grammar? /cGuidance Associates. aCubao, Quezon City :bFelta. a1 DVD afrom the set v.1-8 of Guidance Associates : v.7 aCommunication skills. aGrammar.